| 000 | 00887nam a2200265 a 4500 | ||
|---|---|---|---|
| 001 | 000019471 | ||
| 005 | 20210421113909.0 | ||
| 008 | 100629s2005 sp a 000 0 spa d | ||
| 020 | _a8497647556 | ||
| 040 |
_aDO-SdBNP _bspa _cBNPHU |
||
| 082 |
_a923.2 _bG195J |
||
| 100 | 1 |
_aJones Mallada, Cristina _941825 |
|
| 245 | 1 | 0 |
_aIndira Gandhi / _cCristina Jones Mallada, Jaime Almansa Sánchez. |
| 260 |
_aMadrid : _bEdimat Libros, _c2005. |
||
| 300 |
_a191 p. ; _c23 cm. |
||
| 490 | 1 | _aMujeres en la historia | |
| 500 | _aIncluye datos biográficos de los autores en la solapa de la cubierta | ||
| 504 | _aIncluye referencias bibliográficas ( p. 191) | ||
| 600 | 1 | 4 |
_aGANDHI, INDIRA, _d1917-1984 _919351 |
| 650 | 0 |
_aMujeres en la política _92451 |
|
| 651 | 4 |
_aIndia _941826 |
|
| 700 | 1 |
_aAlmansa Sánchez, Jaime _941827 |
|
| 830 | 0 |
_aMujeres en la historia _941760 |
|
| 049 | _aBNPD | ||
| 999 |
_c18987 _d18987 |
||